| 000 | 01141cam a2200253 4500 | ||
|---|---|---|---|
| 001 | WB3815-25 | ||
| 008 | 020423n2002 000 0 eng u | ||
| 035 | _a(Sirsi) u117647 | ||
| 245 | _aNFU makes progress in IACS penalties case | ||
| 260 | _c2002 | ||
| 490 |
_aNFU Press Release _v 15 April 2002 (2) |
||
| 520 | _aThe National Farmers Union (NFU) has made significant progress in its legal fight to stop government from imposing penalties on arable farmers who have made genuine mistakes while claiming EU support payments. The Adocate General of the European Court of Human Justice believes that Government could be wrong to impose penalties on claims reaching back to the launch of the Integrated administration and control system (IACS) in 1993. NFU press release http://www.nfu.org.uk/pr/4025568/pr_template.htm | ||
| 590 | _aWB | ||
| 650 | _aNATIONAL FARMERS UNION | ||
| 650 | _aEUROPEAN COURT OF JUSTICE | ||
| 650 | _aIACS | ||
| 650 | _aFARMERS | ||
| 650 | _aEU AID | ||
| 650 | _aFARMING INDUSTRY | ||
| 650 | _aPENALTIES | ||
| 650 | _aEUROPEAN COMMISSION | ||
| 690 | _aRURAL-FARM BUSINESS MANAGEMENT | ||
| 942 | _n0 | ||
| 999 |
_c70050 _d70050 |
||